| 000 | 00348nam a22001577a 4500 | ||
|---|---|---|---|
| 003 | SGT | ||
| 020 | _a978-81-312-4882-9 | ||
| 082 |
_a612.64 _bC18S |
||
| 100 | _aSINGH,VISHRAM | ||
| 245 | _aTEXT BOOK OF CLINICAL EMBRYOLOGY | ||
| 250 | _a2ND | ||
| 260 |
_aNEW DELHI _bELSEVIER _c2018 |
||
| 300 | _a365 | ||
| 650 | _aAYURVEDA | ||
| 942 |
_2ddc _cBK _010 |
||
| 999 |
_c16876 _d16876 |
||